|
|
|
|
| LEADER |
00000cam a22000004a 4500 |
| 001 |
musev2_67012 |
| 003 |
MdBmJHUP |
| 005 |
20230905050910.0 |
| 006 |
m o d |
| 007 |
cr||||||||nn|n |
| 008 |
190724s2019 mnu o 00 0 eng d |
| 020 |
|
|
|a 9781452960074
|
| 020 |
|
|
|z 9780816694648
|
| 035 |
|
|
|a (OCoLC)1110009654
|
| 040 |
|
|
|a MdBmJHUP
|c MdBmJHUP
|
| 100 |
1 |
|
|a Fincher, Ruth,
|e author.
|
| 245 |
1 |
0 |
|a Everyday Equalities :
|b Making Multicultures in Settler Colonial Cities /
|c Ruth Fincher, Kurt Iveson, Helga Leitner, and Valerie Preston.
|
| 264 |
|
1 |
|a Minneapolis :
|b University of Minnesota Press,
|c [2019]
|
| 264 |
|
3 |
|a Baltimore, Md. :
|b Project MUSE,
|c 2019
|
| 264 |
|
4 |
|c ©[2019]
|
| 300 |
|
|
|a 1 online resource (264 pages).
|
| 336 |
|
|
|a text
|b txt
|2 rdacontent
|
| 337 |
|
|
|a computer
|b c
|2 rdamedia
|
| 338 |
|
|
|a online resource
|b cr
|2 rdacarrier
|
| 505 |
0 |
|
|a Introduction: everyday urban multicultures : encountering difference, enacting equality -- Encounters with difference in the urban everyday : a relational approach -- The political potential of encounters : being together in difference as equals -- Making a home in Melbourne -- Working for a living in Toronto -- Moving around the city in Sydney -- Making publics in Los Angeles -- Conclusion: towards a praxis of being together in difference as equals -- Notes -- Bibliography -- Index.
|
| 588 |
|
|
|a Description based on print version record.
|
| 650 |
|
7 |
|a Sociology, Urban.
|2 fast
|0 (OCoLC)fst01123961
|
| 650 |
|
7 |
|a Multiculturalism.
|2 fast
|0 (OCoLC)fst01028836
|
| 650 |
|
7 |
|a Ethnicity.
|2 fast
|0 (OCoLC)fst00916034
|
| 650 |
|
7 |
|a Equality.
|2 fast
|0 (OCoLC)fst00914456
|
| 650 |
|
7 |
|a City planning.
|2 fast
|0 (OCoLC)fst00862177
|
| 650 |
|
7 |
|a SOCIAL SCIENCE
|x Sociology
|x Urban.
|2 bisacsh
|
| 650 |
|
6 |
|a Sociologie urbaine
|v Études de cas.
|
| 650 |
|
6 |
|a Ethnicite
|v Études de cas.
|
| 650 |
|
6 |
|a Multiculturalisme
|v Études de cas.
|
| 650 |
|
0 |
|a Sociology, Urban
|v Case studies.
|
| 650 |
|
0 |
|a Equality
|v Case studies.
|
| 650 |
|
0 |
|a Ethnicity
|v Case studies.
|
| 650 |
|
0 |
|a City planning
|v Case studies.
|
| 650 |
|
0 |
|a Multiculturalism
|v Case studies.
|
| 655 |
|
7 |
|a Études de cas.
|2 rvmgf
|
| 655 |
|
7 |
|a Case studies.
|2 lcgft
|
| 655 |
|
7 |
|a Case studies.
|2 fast
|0 (OCoLC)fst01423765
|
| 655 |
|
7 |
|a Electronic books.
|2 local
|
| 700 |
1 |
|
|a Leitner, Helga,
|e author.
|
| 700 |
1 |
|
|a Iveson, Kurt,
|e author.
|
| 710 |
2 |
|
|a Project Muse.
|e distributor
|
| 830 |
|
0 |
|a Book collections on Project MUSE.
|
| 856 |
4 |
0 |
|z Texto completo
|u https://projectmuse.uam.elogim.com/book/67012/
|
| 945 |
|
|
|a Project MUSE - Custom Collection
|
| 945 |
|
|
|a Project MUSE - 2019 Complete
|
| 945 |
|
|
|a Project MUSE - 2019 Political Science and Policy Studies
|